<?xml version="1.0" encoding="UTF-8"?>
<record
    xmlns:xsi="http://www.w3.org/2001/XMLSchema-instance"
    xsi:schemaLocation="http://www.loc.gov/MARC21/slim http://www.loc.gov/standards/marcxml/schema/MARC21slim.xsd"
    xmlns="http://www.loc.gov/MARC21/slim">

  <leader>03147nam a2200325   4500</leader>
  <controlfield tag="003">OSt</controlfield>
  <controlfield tag="005">20240729170034.0</controlfield>
  <controlfield tag="008">240626s2021    mx ad||fom||| 001 0 spa d</controlfield>
  <datafield tag="040" ind1=" " ind2=" ">
    <subfield code="e">rda</subfield>
  </datafield>
  <datafield tag="100" ind1="1" ind2=" ">
    <subfield code="9">189275</subfield>
    <subfield code="a">Cando Narv&#xE1;ez, Areli</subfield>
  </datafield>
  <datafield tag="245" ind1="1" ind2="0">
    <subfield code="a">Determinaci&#xF3;n del nivel de reutilizaci&#xF3;n del arroz bajo condiciones de fermentaci&#xF3;n s&#xF3;lida para la producci&#xF3;n de conidios de Metarhizium robertsii xoch- 8.1 y Trichoderma asperellum Th- Th4 ( 3 ) en ciclos sucesivos de producci&#xF3;n /</subfield>
    <subfield code="c">por Areli Cando Narv&#xE1;ez; director Oscar Morales Galv&#xE1;n; secretario Octavio Loera Corral; vocal Jazmin Edith M&#xE9;ndez Hern&#xE1;ndez;  suplente Jos&#xE9; Ulises Garc&#xED;a Romero; suplente Jos&#xE9; Manuel Cambr&#xF3;n Crisantos</subfield>
  </datafield>
  <datafield tag="264" ind1=" " ind2="1">
    <subfield code="a">Chapingo, M&#xE9;xico :</subfield>
    <subfield code="b">El autor,</subfield>
    <subfield code="c">2021.</subfield>
  </datafield>
  <datafield tag="300" ind1=" " ind2=" ">
    <subfield code="a">1 recurso en l&#xED;nea (43 p&#xE1;ginas):</subfield>
    <subfield code="b">Ilustraciones. cuadros. gr&#xE1;ficas, tablas</subfield>
  </datafield>
  <datafield tag="336" ind1=" " ind2=" ">
    <subfield code="2">rdacontent</subfield>
    <subfield code="a">texto</subfield>
    <subfield code="b">txt</subfield>
  </datafield>
  <datafield tag="337" ind1=" " ind2=" ">
    <subfield code="2">rdamedia</subfield>
    <subfield code="a">computadora</subfield>
    <subfield code="b">c</subfield>
  </datafield>
  <datafield tag="338" ind1=" " ind2=" ">
    <subfield code="2">rdacarrier</subfield>
    <subfield code="a">recurso en l&#xED;nea</subfield>
    <subfield code="b">cr</subfield>
  </datafield>
  <datafield tag="502" ind1=" " ind2=" ">
    <subfield code="b">IAEPA</subfield>
    <subfield code="c">Parasitolog&#xED;a</subfield>
    <subfield code="d">2021.</subfield>
    <subfield code="g">LIC</subfield>
  </datafield>
  <datafield tag="504" ind1=" " ind2=" ">
    <subfield code="a">Incluye referencias bibliogr&#xE1;ficas: p&#xE1;ginas 38-43</subfield>
  </datafield>
  <datafield tag="520" ind1=" " ind2=" ">
    <subfield code="a">En la actualidad, es fundamental producir bioplaguicidas baratos y de buena calidad 
para competir con los productos existentes en el mercado, principalmente con productos 
qu&#xED;micos. Por ello, el objetivo de este trabajo fue determinar la factibilidad de reutilizar el 
arroz que se genera al final de un ciclo de producci&#xF3;n de conidios de Trichoderma 
asperellum Th-Th4 (3) y Metarhizium robertsii Xoch-8.1, en sucesivos ciclos de 
producci&#xF3;n, utilizando arroz como sustrato / soporte. En el caso de T. asperellum Th-Th4 
(3), se realizaron tres ciclos de producci&#xF3;n en 8 d&#xED;as, es decir, se logr&#xF3; reutilizar dos 
veces el sustrato y se tuvo una producci&#xF3;n total acumulada de 5.0 x 109 con / gssi. En 
tanto, en el caso de M. robertsii Xoch-8.1, se lograron cuatro ciclos de producci&#xF3;n en un 
per&#xED;odo de 28 d&#xED;as, reutilizando tres veces el sustrato, y se report&#xF3; una producci&#xF3;n 
acumulada de 4.0 x 10 9 con / gssi. Asimismo, la productividad m&#xE1;s alta fue de 1.4 x 10
9 y 2.3 x 108 con/gssi &#x6D4;d reportada en los ciclos 2 y 3, respectivamente. Por otro lado, se 
estim&#xF3; el porcentaje de viabilidad de los conidios despu&#xE9;s de cada ciclo de producci&#xF3;n y
ambos hongos estuvieron por encima del 50% en todos los casos. Con base en los 
resultados, se propone que la reutilizaci&#xF3;n del arroz es una t&#xE9;cnica f&#xE1;cil de adoptar, que 
mantiene la calidad de los conidios y reduce los costos de producci&#xF3;n
</subfield>
  </datafield>
  <datafield tag="650" ind1=" " ind2="4">
    <subfield code="9">7680</subfield>
    <subfield code="a">Arroz como sustrato</subfield>
  </datafield>
  <datafield tag="650" ind1=" " ind2="4">
    <subfield code="9">27580</subfield>
    <subfield code="a">Control biol&#xF3;gico de hongos</subfield>
  </datafield>
  <datafield tag="650" ind1=" " ind2="7">
    <subfield code="9">188625</subfield>
    <subfield code="a">Hongos entomopat&#xF3;genos</subfield>
    <subfield code="x">Aprovechamiento</subfield>
  </datafield>
  <datafield tag="700" ind1="1" ind2=" ">
    <subfield code="9">78271</subfield>
    <subfield code="a">Morales Galv&#xE1;n, Oscar</subfield>
    <subfield code="e">director</subfield>
  </datafield>
  <datafield tag="700" ind1="1" ind2=" ">
    <subfield code="9">189277</subfield>
    <subfield code="a">Loera Corral, Octavio</subfield>
    <subfield code="e">secretario</subfield>
  </datafield>
  <datafield tag="700" ind1="1" ind2=" ">
    <subfield code="9">189278</subfield>
    <subfield code="a">M&#xE9;ndez Hern&#xE1;ndez, Jazmin Edith</subfield>
    <subfield code="e">vocal</subfield>
  </datafield>
  <datafield tag="700" ind1="1" ind2=" ">
    <subfield code="9">46550</subfield>
    <subfield code="a">Garc&#xED;a Romero, Jos&#xE9; Ulises</subfield>
    <subfield code="e">suplente</subfield>
  </datafield>
  <datafield tag="700" ind1="1" ind2=" ">
    <subfield code="9">17825</subfield>
    <subfield code="a">Cambr&#xF3;n Crisantos, Jos&#xE9; Manuel</subfield>
    <subfield code="e">suplente</subfield>
  </datafield>
  <datafield tag="856" ind1=" " ind2=" ">
    <subfield code="u">http://10.13.5.2/tesis/tl/2021_PA_Cando_Narvaez_Areli.pdf</subfield>
    <subfield code="z">DESCARGAR PDF</subfield>
  </datafield>
  <datafield tag="942" ind1=" " ind2=" ">
    <subfield code="2">Clasificaci&#xF3;n Universidad Aut&#xF3;noma Chapingo</subfield>
    <subfield code="c">TD</subfield>
  </datafield>
  <datafield tag="999" ind1=" " ind2=" ">
    <subfield code="c">220028</subfield>
    <subfield code="d">220028</subfield>
  </datafield>
  <datafield tag="952" ind1=" " ind2=" ">
    <subfield code="0">0</subfield>
    <subfield code="1">0</subfield>
    <subfield code="2">local</subfield>
    <subfield code="4">0</subfield>
    <subfield code="5">1</subfield>
    <subfield code="7">0</subfield>
    <subfield code="8">TesDigL</subfield>
    <subfield code="a">BD</subfield>
    <subfield code="b">BD</subfield>
    <subfield code="c">E_L</subfield>
    <subfield code="d">2024-06-26</subfield>
    <subfield code="l">0</subfield>
    <subfield code="o">Tesis digital</subfield>
    <subfield code="r">2024-06-26 00:00:00</subfield>
    <subfield code="w">2024-06-26</subfield>
    <subfield code="y">TD</subfield>
  </datafield>
</record>
